Online katalóg knižníc regiónu Turca

Dielo. (Record no. 21167)

MARC details
000 -LEADER
fixed length control field 00830nam a22002771i 4500
001 - CONTROL NUMBER
control field 21167
003 - CONTROL NUMBER IDENTIFIER
control field CZ PrNK
005 - DATE AND TIME OF LATEST TRANSACTION
control field 20260223141956.0
007 - PHYSICAL DESCRIPTION FIXED FIELD--GENERAL INFORMATION
fixed length control field ta
008 - FIXED-LENGTH DATA ELEMENTS--GENERAL INFORMATION
fixed length control field 990725s1961 xo 000 | slo
020 ## - INTERNATIONAL STANDARD BOOK NUMBER
Qualifying information (Vázáno) :
Terms of availability Kčs 20,60
040 ## - CATALOGING SOURCE
Original cataloging agency ABA001
Language of cataloging cze
Transcribing agency ABA001
Modifying agency ABA001
Description conventions rda
100 1# - MAIN ENTRY--PERSONAL NAME
Personal name Kukučín, Martin,
Dates associated with a name 1860-1928
Relationship aut
245 10 - TITLE STATEMENT
Title Dielo.
Number of part/section of a work IX,
Name of part/section of a work Dom v stráni : povesť /
Statement of responsibility, etc. Martin Kukučín
246 30 - VARYING FORM OF TITLE
Title proper/short title Dom v stráni
250 ## - EDITION STATEMENT
Edition statement Vydanie ôsme
264 #1 - PRODUCTION, PUBLICATION, DISTRIBUTION, MANUFACTURE, AND COPYRIGHT NOTICE
Place of production, publication, distribution, manufacture Bratislava :
Name of producer, publisher, distributor, manufacturer Slovenské vydavateľstvo krásnej literatúry,
Date of production, publication, distribution, manufacture, or copyright notice 1961
300 ## - PHYSICAL DESCRIPTION
Extent 365 s. ;
Dimensions 21 cm
336 ## - CONTENT TYPE
Content type term text
Content type code txt
Source rdacontent
337 ## - MEDIA TYPE
Media type term bez média
Media type code n
Source rdamedia
338 ## - CARRIER TYPE
Carrier type term svazek
Carrier type code nc
Source rdacarrier
490 1# - SERIES STATEMENT
Series statement Naši klasici ;
Volume/sequential designation zväzok 64
830 #0 - SERIES ADDED ENTRY--UNIFORM TITLE
Uniform title Naši klasici (SVKL)
910 ## - USER-OPTION DATA (OCLC)
User-option data ABA001
942 ## - ADDED ENTRY ELEMENTS (KOHA)
Source of classification or shelving scheme Dewey Decimal Classification
Koha item type Krásna literatúra pre dospelých
Suppress in OPAC No
Holdings
Stav vyradenia Strata Poškodenie Spôsob nadobudnutia Domovská knižnica Aktuálna knižnica Dátum nadobudnutia Total checkouts Čiarový kód exemplára Date last seen Typ exemplára Verejná poznámka
      Dar Obecná knižnica Horná Štubňa Obecná knižnica Horná Štubňa 23.02.2026   4736201408 23.02.2026 Krásna literatúra pre dospelých dielo VIII.
      Dar Obecná knižnica Horná Štubňa Obecná knižnica Horná Štubňa 28.02.2026   4736201567 28.02.2026 Krásna literatúra pre dospelých dielo VII.
      Dar Obecná knižnica Horná Štubňa Obecná knižnica Horná Štubňa 28.02.2026   4736201568 28.02.2026 Krásna literatúra pre dospelých dielo IX.
      Dar Obecná knižnica Horná Štubňa Obecná knižnica Horná Štubňa 28.02.2026   4736201569 28.02.2026 Krásna literatúra pre dospelých dielo VI.
      Dar Obecná knižnica Horná Štubňa Obecná knižnica Horná Štubňa 28.02.2026   4736201570 28.02.2026 Krásna literatúra pre dospelých dielo V.
      Dar Obecná knižnica Horná Štubňa Obecná knižnica Horná Štubňa 28.02.2026   4736201571 28.02.2026 Krásna literatúra pre dospelých dielo IV.
Projekt je podporený Slovenskou asociáciou knižníc
Prevádzkuje Turčianska knižnica Martin 2026